| 000 | 01780nam a2200289Ia 4500 | ||
|---|---|---|---|
| 001 | K0399 | ||
| 003 | IT-RoPAU | ||
| 008 | 130308s9999 xx 000 0 und d | ||
| 040 | _aIT-RoPAU | ||
| 040 | _cIT-RoPAU | ||
| 041 | _aITALIANO | ||
| 100 | _aNiero Antonio | ||
| 100 | _gCodice Aut. SPICS: 60121 | ||
| 245 | _aTre artisti per un Tempio. S. Maria del Rosario - Gesuati. Venezia | ||
| 245 | _bTre Artisti per un Tempio. S. Maria del Rosario - Gesuati. Venezia | ||
| 250 | _a1a ed. | ||
| 260 | _aPADOVA | ||
| 260 | _bMessaggero | ||
| 260 | _c1979 [1° Ed.:1979 - Ed.Ling.Originale:1979] | ||
| 300 | _a"162 p. (prefazione: no ; testo: 162 [pagine: 0-0])" | ||
| 500 | _a"Storia: Dai Gesuati Ai Domenicani; Nuova Chiesa; fasi Costruttive; momento Economico; Ultimi Lavori; feste per Consacrazione; Altre Rifiniture; Secondo Settecento; Nuovi Tempi; Chiesa Parrocchiale; Opera del Bosa; fino Ai Nostri Giorni. Esterno: Fondamenta; Facciata. Interno: piano Iconografico; Significato Rosariano; Significato Antiquietista. visita Chiesa: Altare delle tre Sante; Pala del Tiepolo; Altare di S. Domenico; Altare dei tre Santi del Piazzetta; presenza di Bossuet?; Altare del Crocifisso; Altare del Rosario; Altare dei tre Santi del Ricci; Soffitto del Tiepolo; parte Centrale del Soffitto; istituzione del Rosario; Devoti Allegorici e Storici; Gloria di S. Domenico; Presbiterio; Altar Maggiore; Coro; Sacrestia; trono Settecentesco; Oreficeria. " | ||
| 650 | _aSAGGI SULLE ARTI VISIVE | ||
| 650 | _eCodice materia Spics: 5011 | ||
| 942 | _cBK | ||
| 957 | _71 | ||
| 999 |
_c77159 _d77159 |
||
| 999 | _g1 | ||